Things That Start With 'Y' - Statistics

General Stats
  • This quiz has been taken 42 times
  • The average score is 12 of 16
Answer Stats
Picture Answer % Correct
Yellow
100%
Yak
98%
Yacht
95%
Yarn
95%
Yoga
95%
Yogurt
90%
Yahoo
85%
Yam
83%
Yolk
83%
Yo-yo
83%
Yellowjacket
80%
Yemen
80%
Yellowstone
63%
Yurt
54%
Yoke
32%
Yucca
32%
No matching quizzes found
Score Distribution
Percent of People with Each Score
Percentile by Number Answered
Your Score History
You have not taken this quiz